Çağdaş orta Doğu olayları (Record no. 4523)

MARC details
000 -BAŞLIK
Sabit Uzunlukta Kontrol Alanı 00789na a2200277 4500
001 - KONTROL NUMARASI
Denetim Alanı 14230
003 - KONTROL NUMARASI IDENTIFIER
Denetim Alanı MIRAKIL
005 - SON İŞLEM TARİHİ VE ZAMANI
Denetim Alanı 20181213155008.0
008 - SABİT-BOY VERİ ELEMANLARI - GENEL BİLGİLER
Sabit Uzunlukta Kontrol Alanı 161101b tu 000 0
035 ## - SİSTEM KONTROL NUMARASI
Sistem Kontrol Numarası 14230
040 ## - KATALOGLAMA KAYNAK
Orijinal Kataloglama Ajansı Milas
Kataloglama Dili tur
Metne Dönüştürmek Ajansı TR-AnCHP
041 ## - DİL KODU
Metin / Ses Parça Veya Ayrı Başlığın Dil Kodu tur
082 ## - DEWEY ONLU SINIFLANDIRMA NUMARASI
Sınıflandırma Numarası 956
Ürün Numarası E63ç 1992
090 ## - SINIFLAMA NUMARASI
Sınıflama Numarası 956 E63ç 1992
100 ## - ANA GİRİŞ - KİŞİSEL İSİM
Kişisel Ad Erendil, Muzaffer
245 ## - BAŞLIK TABLOSU
Başlık Çağdaş orta Doğu olayları
Sorumluluk Tablosu, Vb Muzaffer Erendil
260 ## - YAYIN, DAĞITIM, VB
Yayın, Dağıtım, Vb Yeri Ankara
Yayıncı, Dağıtıcı, Vs Adı Genel Kurmay Basımevi
Yayın, Dağıtım, Vb Tarihi 1992
300 ## - FİZİKSEL TANIM
Kapsam 166 s.
Diğer Fiziksel Ayrıntıları tbl.; hrt.
Boyutlar 23 sm.
490 ## - SERİSİ TABLOSU
Seri Beyanı Genel Kurmay Basımevi
Hacim / Ardışık Tanımı 92/ 27
504 ## - KAYNAKÇA VB NOT
Kaynakça Vb Notu Kaynakça var.
650 ## - KONU KATMA GİRİŞ - TOPİKAL DÖNEM
Topikal Süreli Veya Coğrafi Ad Giriş Elemanı Jeopolitik
Coğrafi Alt Bölümü Orta Doğu ülkeleri
650 ## - KONU KATMA GİRİŞ - TOPİKAL DÖNEM
Topikal Süreli Veya Coğrafi Ad Giriş Elemanı Orta Doğu sorunu
650 ## - KONU KATMA GİRİŞ - TOPİKAL DÖNEM
Topikal Süreli Veya Coğrafi Ad Giriş Elemanı Siyasi ideolojiler
Coğrafi Alt Bölümü Orta Doğu
651 ## - KONU KATMA GİRİŞ - COĞRAFİ ADI
Coğrafi İsim Orta Doğu ülkeleri
Genel Alt Bölümü Tarih
942 ## - EKLENDİ GİRİŞ ELEMANLARI (KOHA)
Sınıflandırma Veya Raf Düzeni Kaynak Dewey Decimal Classification
Koha Öğesi Türü Books
999 ## - SİSTEM KONTROL NUMARALARI (KOHA)
Koha Biblionumber 4523
Koha Biblioitemnumber 4523
Holdings
Kalıcı Konum Mevcut Konum Edinme Tarihi Edinim Kaynak Toplam Check-Out'Lar Tam Çağrı Numarası Barkod Tarih Son Görülme İtibaren Geçerli Fiyatlar Koha Öğesi Türü
CHP Kütüphanesi CHP Kütüphanesi 08/25/2016 Bağış   956 E63ç 1992 001947 08/25/2016 08/25/2016 Books